El demonio en el ambiente teológico de los cazadores de brujas : (Registro nro. 69926)
[ vista simple ]
| 000 -LÍDER | |
|---|---|
| Campo fijo de descripción fija | 01920nam a2200241 i 4500 |
| 001 - NÚMERO DE CONTROL | |
| Campo de control | 768714001 |
| 003 - IDENTIFICADOR DEL NÚMERO DE CONTROL | |
| Campo de control | CO-MdFUSB |
| 005 - FECHA Y HORA DE LA ULTIMA TRANSACCIÓN | |
| control field | 20240527105109.0 |
| 008 - ELEMENTOS DE LONGITUD FIJA -- INFORMACIÓN GENERAL | |
| Campo fijo de descripción fija -- Información general | 240527t1975 sp ||||| |||| 00| 0 spa d |
| 040 ## - FUENTE DE CATALOGACIÓN | |
| Idioma de catalogación | spa |
| Agencia que realiza la transcripción | CO-MdFUSB |
| Agencia que realiza la modificación | CO-MdFUSB |
| 041 ## - CÓDIGO DE IDIOMA | |
| Código de idioma para texto/pista de sonido o título separado | spa |
| 100 ## - ASIENTO PRINCIPAL--NOMBRE PERSONAL | |
| Nombre personal | Gerest, Régis-Claude, |
| Fechas asociadas con el nombre | 1921-2009 |
| Término relacionador | autor |
| 245 13 - TÍTULO | |
| Título | El demonio en el ambiente teológico de los cazadores de brujas : |
| Subtitulo | a propósito de "El martillo de la brujas", obra del siglo XV |
| Mención de responsabilidad | / Claude Gérest ; traducido por |
| 520 ## - NOTA DE RESUMEN, ETC. | |
| Nota de sumario, etc. | En este artículo no se puede pretender reconstruir la historia del demonio a lo largo de toda la vida de la Iglesia. Vamos a fijar nuestra atención en un período, pero no al azar. El período comprendido entre el siglo XV y XVI fue el tiempo del diablo por excelencia. La demonología, que las grandes obras de la teología medieval habían tratado con toda sobriedad, se hace exuberante y se convierte en objeto de obras especializadas, entre las cuales la de mayor difusión será El martillo de las brujas (Malleus maleficarum). Esta literatura atribuye al poder diabólico una eficacia real cuasi física, mientras que la alta Edad Media la restringía al campo del prestigio y de las ilusiones». Por ejemplo, el «canon episcopi», del siglo X, es el primer documento eclesiástico que menciona los vuelos de las brujas por los aires para reunirse los sábados; pero la alusión se hace para poner en duda la realidad de tal fenómeno. <br/><br/><br/><br/><br/><br/><br/><br/><br/><br/><br/><br/><br/><br/><br/><br/><br/><br/><br/> |
| 650 #7 - ASIENTO SECUNDARIO DE MATERIA - TERMINO TEMÁTICO | |
| Término temático o nombre geográfico como elemento de entrada | Demonología |
| 9 (RLIN) | 2269 |
| 650 #0 - ASIENTO SECUNDARIO DE MATERIA - TERMINO TEMÁTICO | |
| Término temático o nombre geográfico como elemento de entrada | Bien y mal |
| 9 (RLIN) | 936 |
| 650 #7 - ASIENTO SECUNDARIO DE MATERIA - TERMINO TEMÁTICO | |
| Término temático o nombre geográfico como elemento de entrada | Religión |
| 9 (RLIN) | 385 |
| 653 ## - TÉRMINO DE INDIZACIÓN - NO CONTROLADO | |
| Término no controlado | Satán, los demonios y el satanismo |
| 700 ## - ENTR. SECUNDARIA - Nombre Personal (R) | |
| Término indicativo de función | traductor |
| 773 0# - ASIENTO DE ITEM FUENTE | |
| Biblionumber | 49450 |
| Itemnumber | 82684 |
| Otro identificador del ítem | R2593 |
| Título | Revista internacional de teología Concilium |
| Número de control del registro | (CO-MdFUSB)8 |
| Número Internacional Normalizado para Publicaciones Seriadas (ISSN) | 0210-1041 |
| Parte(s) relacionada(s) / Volumen., número. (mes año), páginas | Volumen 103, (marzo, 1975) páginas: 370 - 390 |
| Enumeración y primera página | páginas: 370 |
| 942 ## - TIPO DE MATERIAL (KOHA) | |
| Tipo de Item KOHA | Artículos de Revista |
| 945 ## - INFORMACIÓN LOCAL DEL REGISTRO | |
| Catalogador | Catherine Arias Álvarez - Practicante SENA |
No hay ítems disponibles.
